[Event "2nd Sharjah Masters 2018"]
[Site "Sharjah"]
[Date "2018.04.18"]
[Round "8"]
[White "Naiditsch, Arkadij"]
[Black "Dimakiling, Oliver"]
[Result "1-0"]
[WhiteElo "2701"]
[BlackElo "2412"]
[Annotator "TA"]
[PlyCount "131"]
[EventDate "2018.??.??"]
[EventType "swiss"]
[EventCountry "UAE"]
[SourceTitle "playchess.com"]
[Source "ChessBase"]
[SourceQuality "1"]

{[%evp 17,131,51,45,41,48,25,34,8,30,39,43,49,72,42,36,29,75,35,71,62,80,84,82,84,66,50,54,43,49,50,63,58,52,32,49,45,120,57,52,31,44,21,22,22,20,20,20,11,12,10,11,0,0,0,0,0,0,0,19,14,22,0,26,0,31,30,28,0,0,0,0,0,0,0,0,0,0,0,0,0,0,0,0,0,0,0,0,0,0,0,0,0,0,0,0,0,0,0,739,627,713,713,627,37,620,613,520,515,515,501,29984,29985,29985,29986,29985,29986]} 1. e4 e5 2. Nf3 Nc6 3. Nc3 d6 4. d4 exd4 5. Nxd4 Nf6 6. Nxc6 bxc6 7. g3 Be7 8. Bg2 O-O 9. O-O {C41: Philidor Defence} Rb8 {LiveBook: 6 Games} 10. Re1 $146 ({Find the theoretical novelty and annotate with similar games:} 10. b3 Nd7 11. Bb2 Bf6 12. f4 c5 13. e5 dxe5 14. Ne4 exf4 15. Nxf6+ Nxf6 16. Rxf4 Be6 {1-0 (53) Perunovic,M (2614)-Jovanovic,Z (2516) Hungary 2012}) 10... Nd7 11. Ne2 {White is slightly better.} c5 12. Nf4 Re8 13. Nd5 Bf8 14. b3 c6 15. Nf4 a5 16. Nd3 Ba6 17. Bf4 Qc7 18. Nb2 h6 19. Bd2 Be7 20. Bc3 Bf6 21. Bxf6 Nxf6 22. c4 Nd7 23. Qd2 Nf8 24. Rad1 Rbd8 25. Bh3 Bb7 26. Na4 d5 ({Better is} 26... Bc8 $14 27. Bf5 Bxf5 28. exf5 Rxe1+ 29. Rxe1 Nh7) 27. Nxc5 (27. Qc2 $16) 27... dxc4 $14 28. Qf4 Qe7 29. Nxb7 Rxd1 30. Rxd1 Qxb7 31. bxc4 Qb2 32. Qd6 Qc2 33. c5 Ne6 {Threatens to win with ...Rd8.} 34. Qd2 Qxc5 35. Rc1 Qe5 36. Bxe6 Rxe6 $11 {[%mdl 4096] Endgame KQR-KQR} 37. Rc4 g5 38. Kg2 Qb5 39. Rd4 Re8 40. h4 Qe5 41. hxg5 hxg5 42. f4 gxf4 43. gxf4 Qg7+ 44. Kf3 Qh8 45. Qg2+ Kf8 46. e5 Qh4 {With the idea ...Rxe5!} 47. Rd1 Qh5+ $1 48. Qg4 Qh7 49. Qg5 Qh3+ 50. Ke4 Qh2 51. Rd6 {And now Qh6+ would win.} Qh1+ 52. Kf5 {aiming for Qh6+.} Qb1+ 53. Kg4 Qg1+ 54. Kh5 Qh1+ 55. Qh4 Qg2 56. Rh6 {Strongly threatening Rh8+.} Qf3+ 57. Qg4 Qh1+ $2 {[%mdl 8192]} (57... Qd5 $11) 58. Kg5 $18 Qd5 {[#]} 59. Rh8+ $1 Ke7 60. Rxe8+ Kxe8 {[#] KQ-KQ} 61. Kf6 $1 Qd8+ 62. Kg7 c5 63. f5 {[%cal Bf4f5,Bf5f6,Bf6f7][%mdl 32] Hoping for Qa4+.} Qd2 (63... Qd4 $18 64. Qxd4 cxd4) 64. f6 {White mates.} Kd8 65. e6 fxe6 66. f7 {Precision: White = 61%, Black = 61%.} 1-0

[Event "2nd Sharjah Masters 2018"]
[Site "Sharjah"]
[Date "2018.04.18"]
[Round "8"]
[White "Amin, Bassem"]
[Black "Pranav Vijay"]
[Result "1-0"]
[WhiteElo "2700"]
[BlackElo "2265"]
[Annotator "TA"]
[PlyCount "65"]
[EventDate "2018.??.??"]
[EventType "swiss"]
[EventCountry "UAE"]
[SourceTitle "playchess.com"]
[Source "ChessBase"]
[SourceQuality "1"]

{[%evp 22,64,40,37,38,46,79,54,69,39,83,57,35,35,206,141,210,129,119,130,126,150,147,135,167,101,425,402,527,509,712,703,908,901,867,687,827,817,837,853,813,812,29980,29981,29999]} 1. Nf3 Nf6 2. g3 g6 3. Bg2 Bg7 4. O-O O-O 5. d3 d5 6. Nbd2 c5 7. e4 Nc6 8. c3 e6 9. Re1 b6 10. e5 Nd7 11. d4 {A08: King's Indian Attack} cxd4 (11... a5 12. Nf1 a4 13. a3 Ba6 14. h4 Qc7 15. Bf4 Na5 16. Ne3 Nb3 17. Rb1 cxd4 18. cxd4 Rac8 {1-0 (54) Amin,B (2689)-Movsesian,S (2647) Riadh 2017}) 12. cxd4 {LiveBook: 3 Games} Ba6 13. Nf1 {White is slightly better.} h6 $146 ({Predecessor:} 13... Qc7 14. Bf4 Rfc8 15. Ne3 Nb4 16. Qa4 Bf8 17. Ng4 Qc6 18. Qa3 Bc4 {0-1 (35) Waller,A-Barnsley,A corr 1972}) 14. h4 Rc8 15. Ne3 f5 16. exf6 Nxf6 17. Bh3 Ne4 $2 ({Black should play} 17... Qd6 $14) 18. Bxe6+ $18 Kh8 (18... Kh7 $16 {keeps fighting.}) 19. Bxd5 Nxf2 20. Kxf2 {[#] Kg2 is the strong threat.} Nxd4 {Strongly threatening ...Rc5.} 21. Kg2 Nxf3 22. Bxf3 {Hoping for Qxd8.} Qf6 23. Ng4 (23. Rb1 $18) 23... Qf5 $2 {[%mdl 8192] [#]} (23... Rc2+ $16 {is a better chance.} 24. Qxc2 Qxf3+ 25. Kh3 Bf1+ 26. Rxf1 Qxf1+ 27. Qg2 Qf5) 24. Be4 Qc5 25. Bf4 Rxf4 26. gxf4 Qb4 27. Rc1 Rf8 28. Qf3 Qd2+ 29. Qf2 Qd7 30. Qg3 Qd2+ 31. Nf2 Be2 32. Qxg6 {[%csl Ge4][%cal Rg6h7]} Qxf4 33. Qh7# 1-0

[Event "2nd Sharjah Masters 2018"]
[Site "Sharjah"]
[Date "2018.04.18"]
[Round "8"]
[White "Inarkiev, Ernesto"]
[Black "Artemiev, Vladislav"]
[Result "1/2-1/2"]
[WhiteElo "2680"]
[BlackElo "2701"]
[Annotator "TA"]
[PlyCount "101"]
[EventDate "2018.??.??"]
[EventType "swiss"]
[EventCountry "UAE"]
[SourceTitle "playchess.com"]
[Source "ChessBase"]
[SourceQuality "1"]

{[%evp 29,101,25,31,0,33,43,48,45,64,66,61,64,68,71,60,50,75,0,0,0,0,0,0,-8,-8,-33,-29,-37,4,4,4,4,8,8,8,8,8,8,11,8,8,8,7,7,3,0,0,0,0,0,0,0,0,0,0,0,0,0,0,0,0,0,0,0,0,0,0,0,0,0,0,0,0,0]} 1. e4 c6 2. d4 d5 3. Nc3 dxe4 4. Nxe4 Bf5 5. Ng3 Bg6 6. h4 h6 7. Nf3 e6 8. h5 Bh7 9. Bd3 Bxd3 10. Qxd3 Nf6 11. Bd2 c5 12. Ne4 {B19: Classical Caro-Kann: 4...Bf5 main line} Nc6 13. Bc3 Nb4 (13... cxd4 14. Nxd4 Nb4 15. Nxf6+ gxf6 16. Bxb4 Bxb4+ 17. c3 Be7 18. O-O-O Qb6 19. Qb5+ Kf8 {1-0 (55) Wei,Y (2727)-Wang,H (2690) China 2017}) 14. Bxb4 cxb4 15. Nxf6+ gxf6 {LiveBook: 3 Games} 16. c4 Qc7 $146 ({Find the theoretical novelty and annotate with similar games:} 16... bxc3 17. bxc3 Rc8 18. Qb5+ Qd7 19. Qxd7+ Kxd7 {0-1 (49) Shashikant,K (2189)-Nguyen,V (2445) New Delhi 2015}) 17. O-O Rg8 18. c5 O-O-O 19. a3 Qc6 {[#] Strongly threatening ...Rxd4!} 20. Rfd1 b3 $1 21. Qxb3 Rd5 22. Rac1 Rxh5 23. d5 (23. Qd3 $16) 23... Rxd5 $11 24. Rxd5 Qxd5 25. Qxd5 exd5 {[%mdl 4096] Endgame KRB-KRN} 26. b4 Rg4 27. Rd1 (27. Re1 $5 {[%cal Re1e8]} Re4 28. Rd1 $15) 27... Rc4 28. Rxd5 a5 29. Nd2 {The position is equal.} Rc3 30. c6 {With the idea cxb7+.} axb4 31. cxb7+ $1 Kxb7 32. axb4 Rc1+ 33. Nf1 Kc7 34. Rf5 Be7 ({But not} 34... Bxb4 35. Rxf6 Kd7 36. Rxf7+ Ke6 37. Rf4 $16) 35. g3 Rb1 ({Much weaker is} 35... Bxb4 $6 36. Rxf6 Bc5 37. Rxf7+ Kd6 38. Kg2 $16) 36. b5 Kb6 37. Kg2 (37. Rh5 {NOTEXT} Rxb5 38. Rxh6 Kc7 39. Ne3 Kd7 40. Kg2) 37... Rxb5 38. Ne3 {[#] aiming for Nd5+.} Rxf5 39. Nxf5 {KB-KN} Bf8 40. Kf3 Kc6 41. Ke4 h5 42. Nd4+ Kd7 43. Kd5 Bb4 44. Nf5 Be1 45. f4 Kc7 46. Ke4 Kc6 47. Ke3 Kd5 48. Kf3 Bb4 49. Ng7 Bf8 50. Nxh5 f5 51. g4 {Precision: White = 85%, Black = 73%.} 1/2-1/2

[Event "2nd Sharjah Masters 2018"]
[Site "Sharjah"]
[Date "2018.04.18"]
[Round "8"]
[White "Kravtsiv, Martyn"]
[Black "Dixit, Nikhil"]
[Result "1-0"]
[WhiteElo "2680"]
[BlackElo "2285"]
[Annotator "TA"]
[PlyCount "75"]
[EventDate "2018.??.??"]
[EventType "swiss"]
[EventCountry "UAE"]
[SourceTitle "playchess.com"]
[Source "ChessBase"]
[SourceQuality "1"]

{[%evp 17,75,61,67,65,76,62,68,72,104,118,139,127,144,134,172,177,152,50,53,50,238,227,230,244,241,216,324,228,233,230,207,236,308,288,362,350,450,441,526,509,895,888,805,811,769,785,986,889,858,877,1157,996,955,920,1664,1485,29986,29987,29986,29987]} 1. e4 g6 2. d4 Bg7 3. Nc3 c6 4. f4 d5 5. e5 Nh6 6. Nf3 f6 7. Bd3 Bg4 {B15: Caro-Kann: 3 Nc3: 3...g6 and 3...dxe4 4 Nxe4 Nf6 5 Nxf6+ exf6} (7... O-O 8. h3 Nf5 9. Bxf5 Bxf5 10. Qe2 Na6 11. g4 Bc8 12. Be3 b5 13. Qg2 Qb6 14. O-O-O b4 15. Na4 {1-0 (41) Kravtsiv,M (2623)-Iordachescu,V (2600) Al Ain 2015}) 8. h3 Bxf3 9. Qxf3 O-O {LiveBook: 17 Games. White is slightly better.} 10. h4 $1 fxe5 11. dxe5 Nd7 {aiming for ...Nxe5!} 12. Qg3 $146 ({Predecessor:} 12. Qh3 Nc5 13. h5 Nxd3+ 14. cxd3 Qc8 15. hxg6 hxg6 16. f5 Nxf5 {0-1 (53) Semeniuk,A-Zilberman,N Cheliabinsk (Russia) 1975}) 12... Nf5 13. Qh3 Nc5 14. h5 {Strongly threatening g4.} Nxd3+ 15. cxd3 gxh5 16. g4 Nd4 17. Kd1 (17. Qxh5 $16 h6 18. Kd1 (18. Qg6 Qe8 $14)) 17... Qe8 $1 $14 18. Be3 Qg6 $2 (18... Ne6 $14 19. gxh5 Qf7) 19. Bxd4 $18 hxg4 20. Qg3 Rf5 21. Ne2 b6 (21... Raf8 {was necessary.} 22. Kd2 (22. Bxa7 Bxe5 23. fxe5 Rf1+ 24. Kd2 R8f3 $16) 22... h5 23. Bxa7 Bh6) 22. Kd2 c5 23. Bf2 Raf8 24. d4 h5 {[#]} 25. Qd3 $1 c4 26. Qc2 b5 27. Ng3 Bh6 28. Be3 b4 {[#]} (28... Qf7 $142 29. Raf1 e6 30. Nxf5 Qxf5) 29. Rxh5 $1 {[%mdl 512]} c3+ (29... Rxh5 30. Qxg6+) 30. bxc3 bxc3+ 31. Kd1 {[%cal Bd2d1,Bd1e1,Be1f2][%mdl 32]} Bg5 32. Rxg5 Rxg5 33. fxg5 Qc6 34. Ke1 Rf3 35. Bf2 Qb6 36. Rb1 Rxf2 37. Kxf2 Qxd4+ 38. Kg2 {Precision: White = 75%, Black = 30%.} 1-0

[Event "2nd Sharjah Masters 2018"]
[Site "Sharjah"]
[Date "2018.04.18"]
[Round "8"]
[White "Adhiban, B."]
[Black "Eljanov, Pavel"]
[Result "1/2-1/2"]
[WhiteElo "2661"]
[BlackElo "2700"]
[Annotator "TA"]
[PlyCount "50"]
[EventDate "2018.??.??"]
[EventType "swiss"]
[EventCountry "UAE"]
[SourceTitle "playchess.com"]
[Source "ChessBase"]
[SourceQuality "1"]

{[%evp 16,50,6,0,7,7,7,3,0,0,0,0,0,0,0,0,0,0,0,0,0,0,0,0,0,0,0,0,0,0,0,-2,0,0,0,0,0]} 1. e4 e5 {[%cal Be7e5,Be5e4][%mdl 32]} 2. Nf3 Nc6 3. Bb5 Nf6 4. O-O Nxe4 5. d4 Nd6 6. Ba4 {C67: Ruy Lopez: Berlin Defence: 4 0-0 Nxe4} (6. Bxc6 dxc6 7. dxe5 Nf5 8. Qxd8+ Kxd8 9. h3 Ke8 10. Nc3 h5 11. Rd1 Be7 12. Ne2 Be6 13. Nf4 Bc8 14. Ne2 Be6 15. b3 a5 16. a4 Rd8 17. Bg5 Bd5 18. Bxe7 Kxe7 {1-0 (49) Vachier Lagrave,M (2793)-Nakamura,H (2781) Caleta 2018}) 6... e4 7. Ne5 Be7 8. Nc3 O-O 9. Re1 {LiveBook: 32 Games. The position is equal.} a6 10. Nxe4 Nxe4 11. Rxe4 Nxe5 12. dxe5 $146 ({Find the theoretical novelty and annotate with similar games:} 12. Rxe5 d5 13. Qf3 c6 {½-½ (28) Sorcinelli,A (2051)-Sarakenidis,N (1999) LSS email 2013}) 12... d5 13. exd6 Bxd6 14. Bf4 Bxf4 15. Rxf4 Be6 16. Bb3 Qxd1+ 17. Rxd1 Rad8 {[%cal Rd8d1] [#]} 18. Rfd4 Rxd4 19. Rxd4 Bxb3 20. axb3 $11 {[%mdl 4096] Endgame KR-KR} Re8 {[%cal Re8e1]} 21. Kf1 Kf8 22. Rd7 Re7 23. Rd8+ Re8 24. Rd7 Re7 25. Rd8+ Re8 1/2-1/2

[Event "2nd Sharjah Masters 2018"]
[Site "Sharjah"]
[Date "2018.04.18"]
[Round "8"]
[White "Grandelius, Nils"]
[Black "Jumabayev, Rinat"]
[Result "1/2-1/2"]
[WhiteElo "2652"]
[BlackElo "2612"]
[Annotator "TA"]
[PlyCount "231"]
[EventDate "2018.??.??"]
[EventType "swiss"]
[EventCountry "UAE"]
[SourceTitle "playchess.com"]
[Source "ChessBase"]
[SourceQuality "1"]

{[%evp 19,231,0,0,0,0,4,69,61,65,59,78,32,61,43,49,44,46,12,14,15,20,29,23,0,0,0,0,0,60,52,30,43,177,166,180,160,157,120,129,137,122,129,138,53,51,44,50,68,56,0,58,18,20,19,27,8,8,-43,-43,-43,-43,-43,-43,-43,-43,-43,-43,-49,-43,-65,-36,-58,-58,-58,-58,-65,-58,-65,-65,-79,-30,-79,-16,-23,-8,-8,-8,-8,-8,-8,0,0,0,-8,-8,-8,-8,-14,-8,-8,-8,-8,-8,-14,-8,-8,-8,-8,-8,-22,-8,-8,-8,-11,-8,-8,0,0,0,0,0,-7,-7,-7,0,0,0,-7,-7,-8,-8,-8,-8,-8,-8,-8,-8,-8,-8,-8,-8,-8,-8,-8,-8,-8,-8,-8,-8,-8,-8,-8,-8,-39,-8,-33,-8,-8,0,0,0,-8,-8,-61,-32,-8,-8,-8,-8,-8,-8,-8,0,0,0,-8,0,0,0,0,0,0,0,0,0,0,0,0,0,0,0,0,0,0,0,0,0,0,0,0,0,0,0,0,0,0,0,0,0,-8,0,0,0,0]} 1. e4 c5 2. Nf3 d6 3. d4 cxd4 4. Nxd4 Nf6 5. Nc3 Nc6 6. Bc4 Qb6 7. Nb3 e6 8. Bf4 Ne5 9. Be2 Bd7 10. g4 {B57: Classical Sicilian: Sozin with 6...Qb6} h6 {LiveBook: 8 Games} 11. h4 Qc7 $146 ({Find the theoretical novelty and annotate with similar games:} 11... a6 12. Rg1 Bc6 13. Be3 Qc7 14. f4 Ned7 15. Bf3 Nc5 16. Nxc5 dxc5 17. g5 hxg5 18. hxg5 Nd7 {½-½ (18) Azarov,S (2542)-Nijboer,F (2577) Plovdiv 2003}) 12. Rg1 Bc6 (12... Nc4 $1 $11) 13. Qd4 $14 Nexg4 14. Bxg4 e5 15. Qd2 (15. Qc4 {NOTEXT} Nxg4 16. Rxg4 Qd7 17. Rg1 exf4 18. O-O-O) 15... exf4 16. Qxf4 (16. O-O-O {NOTEXT} g6 17. Bf3 Bg7 18. Qxf4 O-O 19. Qxd6 Qb6 20. Qg3) 16... Nxg4 17. Qxg4 h5 18. Qe2 g6 19. O-O-O Be7 20. Nd4 O-O-O $1 21. Ncb5 Qb6 22. Rg3 Bxb5 23. Nxb5 a6 (23... Bxh4 $11 24. Rb3 Kb8) 24. Nd4 $36 {[%mdl 2048] Strongly threatening Rc3+. White has some pressure.} Rd7 $1 25. Rb3 Qa7 {[#]} (25... Qa5 $14) 26. e5 $1 $18 {[%cal Re5e6]} Re8 27. e6 fxe6 28. Qc4+ (28. Nxe6 Bxh4 29. Re3 b5 $14) (28. Qxe6 $2 Bg5+ 29. hxg5 Rxe6 $19) 28... Rc7 ({Don't blunder} 28... Qc5 $2 29. Qa4 $18 (29. Qxe6 $2 Bg5+ 30. hxg5 Rxe6 $19)) 29. Qxe6+ Kb8 {[#] White must now prevent ...Bg5+!} 30. Qxg6 Rec8 31. c3 ({Don't take} 31. Qxh5 $6 Bf6 $14) (31. Rf3 $16) 31... Bxh4 $14 32. Qxd6 Qc5 $1 {[%cal Rc5d6]} 33. Qxa6 Bxf2 34. Qd3 ({White should try} 34. Qa4 $14 Qc4 35. Rb4) 34... Qc4 (34... h4 $11) 35. Qxc4 (35. Qe4 {NOTEXT} h4 36. Kb1 Qf7 37. Rb4 h3 38. Qe5) 35... Rxc4 36. Nf5 {Nd6 is the strong threat.} Rh8 37. Rb5 h4 38. Rd7 (38. Rxb7+ $11 Kxb7 39. Nd6+ Kc6 40. Nxc4) 38... Rc7 $15 39. Rxc7 Kxc7 40. Nxh4 $1 Rxh4 {[%mdl 4096] Endgame KRB-KR} ({Don't do} 40... Bxh4 41. Kc2 $17) 41. Kc2 Kc6 42. Rf5 Rh2 43. Kb3 Be3 {aiming for ...Bc1.} 44. Rf1 Re2 45. Rd1 Bd2 46. Kc2 Bf4+ 47. Kb3 Rf2 48. Rg1 Kd5 49. Rd1+ Ke5 50. Re1+ Kf5 (50... Kd6 $17 51. Rh1 Kc6) 51. Re7 $11 b6 {Threatening ...Rh2.} 52. Rb7 Rg2 {White should prevent ...Bc1.} 53. Rxb6 Bc1 54. Kc4 Bxb2 55. a4 Rg4+ 56. Kb3 Bc1 57. a5 Be3 58. Rb7 Rg1 {Hoping for ...Rb1+.} 59. Kc4 Ke6 60. Kb5 Kd6 61. Rf7 Rg5+ 62. Ka6 Kc6 63. Rf6+ Kc5 64. Re6 Bg1 65. Rh6 Rg7 66. Rh5+ Kc4 {[%csl Gg1][%cal Rg7a7]} (66... Kd6 {NOTEXT} 67. Rf5 Be3 68. Kb5 Rb7+ 69. Kc4 Rb8) 67. Rh4+ Kxc3 68. Kb5 Rg5+ 69. Kc6 Rxa5 70. Rh1 Rg5 71. Rh4 Kd3 72. Kd6 Bf2 73. Rh1 Ke4 74. Rf1 Rg6+ 75. Kd7 Bd4 76. Re1+ Kd5 77. Rd1 Rg7+ 78. Kd8 Rh7 79. Rd2 Ke5 80. Kc8 Bc5 81. Rd7 Be7 82. Kb7 Ke6 83. Kc6 (83. Rc7 {NOTEXT} Rh4 84. Rc2 Re4 85. Rc1 Re5 86. Kc6) 83... Rh1 {( -> ...Rc1+)} 84. Rd2 Rc1+ 85. Kb5 Bd6 86. Rd3 Be5 87. Kb4 Rc8 88. Rd1 Kf5 89. Kb5 Ke4 90. Rh1 Kd5 91. Rh5 (91. Kb6 $11) 91... Rb8+ $1 $15 92. Ka5 Rb1 {The position is equal.} 93. Rg5 Kd4 94. Ka6 Bd6 95. Rb5 Rh1 96. Rg5 Be7 97. Rf5 Bc5 98. Kb5 Rb1+ 99. Kc6 Rb6+ 100. Kd7 Rd6+ 101. Ke8 Rh6 102. Kd7 Bd6 103. Rf1 Be5 104. Rd1+ Ke4 105. Re1+ Kf5 106. Rd1 Rh7+ 107. Kc6 Rc7+ 108. Kb5 Ke4 109. Rh1 Kd5 110. Rh5 Rb7+ 111. Ka5 Kd4 112. Ka6 Rb8 113. Rg5 Bd6 114. Rb5 Rd8 115. Kb6 Kc4 {And now ...Rb8+ would win.} 116. Rh5 {Precision: White = 68%, Black = 66%.} 1/2-1/2

[Event "2nd Sharjah Masters 2018"]
[Site "Sharjah"]
[Date "2018.04.18"]
[Round "8"]
[White "Rakhmanov, Aleksandr"]
[Black "Iniyan, P."]
[Result "1/2-1/2"]
[WhiteElo "2652"]
[BlackElo "2466"]
[Annotator "TA"]
[PlyCount "73"]
[EventDate "2018.??.??"]
[EventType "swiss"]
[EventCountry "UAE"]
[SourceTitle "playchess.com"]
[Source "ChessBase"]
[SourceQuality "1"]

{[%evp 10,73,10,0,18,18,27,20,27,20,15,16,18,6,10,0,0,0,-5,-6,-9,-18,0,0,0,0,-4,-11,15,-49,-60,-59,-70,-59,-69,-60,-60,-105,-116,-127,-96,-108,-105,-103,-104,-123,-105,-107,-105,-180,-170,-167,-176,-183,0,-102,0,0,0,0,0,0,0,0,0,0]} 1. c4 Nf6 2. Nc3 g6 3. g3 Bg7 4. Bg2 O-O 5. d3 d6 6. h3 {LiveBook: 8 Games. A16: English Opening: 1...Nf6 with ...d5} c6 7. e4 c5 8. Nge2 {White has an edge.} Nc6 {[%cal Bb8c6,Bc6d4,Bd4b3][%mdl 32]} 9. Be3 a6 $146 ({Predecessor:} 9... e5 10. O-O Nd4 11. f4 Ne8 12. Nd5 Nc7 13. g4 Nxe2+ 14. Qxe2 exf4 15. Bxf4 {0-1 (49) Rakhmanov,A (2669)-Murzin,V (2280) Sochi 2017}) 10. O-O Rb8 11. a4 Nd7 12. f4 Nd4 13. g4 b6 14. Rb1 Bb7 15. Qd2 Nb3 16. Qd1 Nd4 17. g5 e6 18. h4 Bc6 19. Ng3 ({White should play} 19. b4 $11) 19... b5 $15 20. axb5 axb5 21. cxb5 Nxb5 22. Nce2 Nd4 23. f5 {White wants to play f6.} Nxe2+ 24. Qxe2 Be5 25. Nh1 exf5 26. exf5 Bxg2 27. Qxg2 Rb4 28. Qh3 Bxb2 {Hoping for ...Ne5.} 29. Nf2 (29. h5 $17) 29... Ne5 $19 30. Rxb2 Rxb2 31. Ne4 Nd7 $2 ({Much less strong is} 31... Nxd3 32. h5) (31... Kh8 $19 {...Rb3 is the strong threat.} 32. Bd2 Re8) 32. h5 {[#]} (32. fxg6 $1 $11 fxg6 33. Qe6+ Kh8 34. Qxd6 Rxf1+ 35. Kxf1 Qf8+ 36. Qxf8+ Nxf8 37. Bxc5) 32... d5 (32... Qe7 $1 $17 {And now ...gxf5 would win.} 33. Bc1 Re2 34. hxg6 fxg6) 33. hxg6 $11 {The position is equal.} fxg6 34. fxg6 hxg6 35. Qe6+ Kh8 36. Qh3+ Kg8 37. Qe6+ {Precision: White = 61%, Black = 68%.} 1/2-1/2

[Event "2nd Sharjah Masters 2018"]
[Site "Sharjah"]
[Date "2018.04.18"]
[Round "8"]
[White "Mareco, Sandro"]
[Black "Jones, Gawain C B"]
[Result "1-0"]
[WhiteElo "2645"]
[BlackElo "2675"]
[Annotator "TA"]
[PlyCount "169"]
[EventDate "2018.??.??"]
[EventType "swiss"]
[EventCountry "UAE"]
[SourceTitle "playchess.com"]
[Source "ChessBase"]
[SourceQuality "1"]

{[%evp 12,169,19,25,20,24,58,58,68,62,69,64,63,58,76,61,63,67,108,108,106,97,107,108,91,58,58,60,109,117,110,91,96,94,81,82,92,92,108,106,98,88,110,62,95,58,67,59,68,31,58,50,45,41,63,54,57,37,30,21,23,14,25,27,29,23,69,48,70,70,90,78,85,88,103,102,81,97,87,84,104,100,106,106,91,104,113,102,116,91,152,152,151,149,159,172,212,162,171,171,171,171,172,157,180,187,245,199,238,227,318,291,318,300,284,241,304,291,516,511,504,503,492,492,475,412,389,375,1225,1225,1218,1218,1203,1203,1196,1196,1149,1127,1093,1071,952,854,6515,6597,5905,5617,4978,4218,3338,3169,29958,29962,29955,29961,29954,29959,29956,10057,5202,4631]} 1. d4 Nf6 2. c4 g6 3. Nf3 Bg7 4. g3 b6 (4... c5 5. Bg2 cxd4 6. Nxd4 O-O 7. O-O d5 8. cxd5 Nxd5 9. Nb3 e6 10. Nc3 Nc6 11. Bd2 Nxc3 12. Bxc3 Bxc3 13. bxc3 Qc7 14. c4 Rd8 15. Qc1 Bd7 16. Qe3 Ne7 17. Rfd1 Bc6 18. Rxd8+ Qxd8 19. Rc1 {½-½ (19) Mamedyarov,S (2809)-Grischuk,A (2767) Moscow 2018}) 5. Nc3 Bb7 6. d5 {E60: King's Indian: Unusual lines and Fianchetto Variation without Nc3} O-O 7. Bg2 {LiveBook: 20 Games} Re8 8. O-O {The position is equal.} e5 9. e4 Na6 $146 ({Predecessor:} 9... d6 10. Ne1 a5 11. Nd3 Na6 12. Be3 {½-½ (108) Sarana,A (2562)-Bortnyk,O (2610) chess.com INT 2018}) 10. Be3 c6 11. Nd2 d6 12. Re1 h5 13. h3 Nc5 14. Bf1 cxd5 15. cxd5 (15. exd5 a5 $11) 15... Ba6 16. Bxa6 Nxa6 17. Qe2 Nc7 18. Nb5 Nxb5 19. Qxb5 h4 20. g4 Nh7 21. Kh2 Bf6 22. Rac1 Bg5 23. Rc6 Qf6 24. Kg2 Re7 25. Qe2 Rd7 26. Rec1 Rf8 27. Rc8 Bf4 28. Rxf8+ (28. Nf3 {keeps more tension.} Ng5 29. Bxf4 Qxf4 30. Nxg5 Qxg5 31. Rxf8+ Kxf8 32. Rc8+) 28... Kxf8 29. Nf3 Ng5 30. Nxh4 Bxe3 31. Qxe3 Nxe4 $1 32. Nf3 Qf4 $1 33. Qxf4 exf4 $14 {[%mdl 4096] Endgame KRN-KRN} 34. Rc4 Nf6 35. Rxf4 Nxd5 36. Rd4 Nf6 37. Rc4 Re7 38. Nd4 Kg7 39. Rc2 d5 40. f3 Ne8 41. Kf2 Nd6 42. h4 Nb7 43. Nc6 Rc7 44. Nb4 Nc5 {Strongly threatening ...a5.} 45. Rd2 Na4 {[#]} 46. Ke3 $1 Rc5 47. Nd3 (47. Nxd5 $6 Nxb2 48. Kf4 (48. Rxb2 Rxd5 49. Rc2 Ra5 $11) 48... Na4 $11) 47... Rc8 48. Nf4 Rh8 49. h5 (49. Nxd5 Rxh4 50. b4 Rh1 $14) 49... Re8+ 50. Kf2 Re5 (50... gxh5 $142 51. Nxh5+ Kf8) 51. hxg6 $16 ({Don't play} 51. Nxd5 $6 gxh5 52. b3 Nc5 $14) ({Of course not} 51. Rxd5 $6 Rxd5 52. Nxd5 Nxb2 $11) 51... fxg6 52. Nxd5 Kf7 53. Nf4 g5 54. Ne2 a5 55. b3 Nc5 56. Nc3 Re6 57. Nb5 Rh6 58. Nd6+ Kf6 (58... Kf8 {was called for.} 59. Kg3 Re6) 59. Kg3 Rh1 60. Nc4 a4 (60... b5 $142) 61. b4 $18 ({Less strong is} 61. Nxb6 axb3 62. axb3 Nxb3 $16) 61... Ne6 62. Nxb6 a3 63. Nd7+ Ke7 64. Nc5 {[#] aiming for Re2.} Nxc5 $2 (64... Nf4 {keeps fighting.} 65. Ne4 Rg1+ 66. Kf2 Rb1 67. Nxg5 Rb2) 65. bxc5 {KR-KR} Rg1+ 66. Rg2 Rc1 67. Re2+ Kf6 68. Re3 Rxc5 {Black hopes to continue with ...Ra5.} 69. Rxa3 Rc2 $2 (69... Rc1 70. Ra6+ Ke7) 70. f4 gxf4+ 71. Kxf4 Rc4+ 72. Kg3 Rc2 73. Rf3+ Kg6 74. a4 Ra2 75. Rf4 Ra1 76. Kf3 Ra3+ 77. Ke2 Kg5 78. Re4 Rc3 79. Kd2 Rc5 80. Kd3 Ra5 81. Kc3 Ra8 82. Kb4 Rb8+ 83. Kc5 Ra8 84. Kb6 (84. Kb5 $142 Rb8+ 85. Kc6 Rb2 86. a5 Rc2+ 87. Kb5 Rb2+ 88. Rb4 Re2 89. a6) 84... Rb8+ 85. Kc6 {Precision: White = 82%, Black = 46%.} 1-0